| 000 | 00782cam a22002773a 4500 | ||
|---|---|---|---|
| 001 | 0000701 | ||
| 003 | DO-SdBNP | ||
| 005 | 20180126100644.0 | ||
| 007 | 0000701 | ||
| 008 | 861112 1989 xxu a 000 0 spa d | ||
| 010 | _a | ||
| 020 | _a019421642X | ||
| 040 |
_aBPMSU _cspa _dBPMSU _d |
||
| 100 | 1 |
_aShelley, Mary _d1797-1851 |
|
| 245 | 1 | 3 |
_aFrankenstein / _cMary Shelley ; contada por Patrick Nobes |
| 250 | _a12a. reimpr. del 1998. | ||
| 260 |
_aNew York, Estados Unidos : _bOxford university press, _c1989. |
||
| 300 |
_a59 p. : _bil. _c20 cm. |
||
| 490 | 0 |
_aOxford bookworms _v3 |
|
| 500 | _aLibro en ingles. | ||
| 600 | 0 | 0 |
_a _x |
| 830 |
_aOxford bookworms _n3 |
||
| 942 |
_2ddc _cBK |
||
| 945 | _aInventariado extranjero / 2018 VM | ||
| 956 |
_2YLOCKWARD _310 _8BPMSU |
||
| 999 |
_c11492 _d11492 |
||